000 00346nam a2200133 i 4500
001 bg
100 1 _aNOWAKOWSCY, M.
245 0 _aDla domu 24 proste układy elektroniczne do samodzielnego wykonania /
_cM. Nowakowscy.
260 _aWarszawa,
_c1984.
040 _cBPK
041 _apol
942 _cKS
008 s pl f |000 0 pol
999 _c2359
_d2359
856 _uhttp://koha.tu.koszalin.pl/cgi-bin/koha/opac-detail.pl?biblionumber=2359
_yKatalog online BPK